Văn hóa ẩm thực Vĩnh Phúc
Kaydedildi:
| Yazar: | |
|---|---|
| Materyal Türü: | Kitap |
| Dil: | Vietnamese |
| Baskı/Yayın Bilgisi: |
H.
Lao động
2011
|
| Seri Bilgileri: | ĐTTS ghi: Hội văn nghệ dân gian Việt Nam
|
| Etiketler: |
Etiketle
Etiket eklenmemiş, İlk siz ekleyin!
|
| Thư viện lưu trữ: | Mạng thư viện Đại học Đà Nẵng |
|---|
| LEADER | 00935nam a2200277 4500 | ||
|---|---|---|---|
| 001 | 000016091 | ||
| 003 | 12481 | ||
| 005 | 20120719090755.0 | ||
| 008 | 120719s2011 viesd | ||
| 041 | 0 | |a vie | |
| 082 | |a 394.0959723 |b NG-L | ||
| 100 | 0 | |a Nguyễn Xuân Lân | |
| 245 | 0 | |a Văn hóa ẩm thực Vĩnh Phúc |c Nguyễn Xuân Lân | |
| 260 | |a H. |b Lao động |c 2011 | ||
| 300 | |a 214 tr. |c 21 cm. | ||
| 490 | |a ĐTTS ghi: Hội văn nghệ dân gian Việt Nam | ||
| OWN | |a LSP | ||
| AVA | |a UDN50 |b LSP |d 394.0959723 NG-L |e available |t Error 5001 Not defined in file expand_doc_bib_avail. |f 1 |g 0 |h N |i 0 |k 1 | ||
| 999 | |a From the UDN01 | ||
| AVA | |a UDN50 |b LSP |d 394.0959723 NG-L |e available |t Error 5001 Not defined in file expand_doc_bib_avail. |f 1 |g 0 |h N |i 0 |k 1 | ||
| TYP | |a Monograph | ||
| TYP | |a Printed language | ||
| 980 | |a Mạng thư viện Đại học Đà Nẵng | ||